<?xml version="1.0" encoding="UTF-8"?>
<record
    xmlns:xsi="http://www.w3.org/2001/XMLSchema-instance"
    xsi:schemaLocation="http://www.loc.gov/MARC21/slim http://www.loc.gov/standards/marcxml/schema/MARC21slim.xsd"
    xmlns="http://www.loc.gov/MARC21/slim">

  <leader>03317nam0a2200469   4500</leader>
  <controlfield tag="001">RU\NLR\BIBL_A\012396753</controlfield>
  <controlfield tag="005">20201118165256.0</controlfield>
  <datafield tag="010" ind1=" " ind2=" ">
    <subfield code="a">978-5-6040740-0-8</subfield>
    <subfield code="9">500</subfield>
  </datafield>
  <datafield tag="021" ind1=" " ind2=" ">
    <subfield code="a">RU</subfield>
    <subfield code="b">&#x410;&#x41B;-&#x41F;-20-00682&#x438;</subfield>
    <subfield code="9">&#x410;&#x41B;-&#x41F;-20-0129</subfield>
  </datafield>
  <datafield tag="035" ind1=" " ind2=" ">
    <subfield code="a">(NLR Aleph) 012396753</subfield>
  </datafield>
  <datafield tag="035" ind1=" " ind2=" ">
    <subfield code="a">(RuMoRGB)010434576</subfield>
  </datafield>
  <datafield tag="090" ind1=" " ind2=" ">
    <subfield code="a">11703046</subfield>
    <subfield code="c">11703046</subfield>
  </datafield>
  <datafield tag="100" ind1=" " ind2=" ">
    <subfield code="a">20201103d2020    k  y0rusy50      ca</subfield>
  </datafield>
  <datafield tag="101" ind1="0" ind2=" ">
    <subfield code="a">rus</subfield>
  </datafield>
  <datafield tag="102" ind1=" " ind2=" ">
    <subfield code="a">RU</subfield>
  </datafield>
  <datafield tag="105" ind1=" " ind2=" ">
    <subfield code="a">ach|b|||010zd</subfield>
  </datafield>
  <datafield tag="181" ind1=" " ind2="0">
    <subfield code="a">i</subfield>
    <subfield code="b">axxe</subfield>
  </datafield>
  <datafield tag="182" ind1=" " ind2="0">
    <subfield code="a">n</subfield>
  </datafield>
  <datafield tag="200" ind1="1" ind2=" ">
    <subfield code="a">&#x418;&#x43B;&#x44C;&#x44F; &#x41E;&#x441;&#x442;&#x440;&#x43E;&#x443;&#x445;&#x43E;&#x432;</subfield>
    <subfield code="e">&#x445;&#x443;&#x434;&#x43E;&#x436;&#x43D;&#x438;&#x43A;, &#x43A;&#x43E;&#x43B;&#x43B;&#x435;&#x43A;&#x446;&#x438;&#x43E;&#x43D;&#x435;&#x440;, &#x43C;&#x443;&#x437;&#x435;&#x439;&#x449;&#x438;&#x43A;</subfield>
    <subfield code="e">[&#x430;&#x43B;&#x44C;&#x431;&#x43E;&#x43C;-&#x43A;&#x430;&#x442;&#x430;&#x43B;&#x43E;&#x433; &#x432;&#x44B;&#x441;&#x442;&#x430;&#x432;&#x43A;&#x438;, 16 &#x441;&#x435;&#x43D;&#x442;&#x44F;&#x431;&#x440;&#x44F; - 6 &#x434;&#x435;&#x43A;&#x430;&#x431;&#x440;&#x44F; 2020 &#x433;.</subfield>
    <subfield code="e">&#x43A; 100-&#x43B;&#x435;&#x442;&#x438;&#x44E; &#x413;&#x41C;&#x418;&#x420;&#x41B;&#x418; &#x438;&#x43C;&#x435;&#x43D;&#x438; &#x412;.&#x418;. &#x414;&#x430;&#x43B;&#x44F;]</subfield>
    <subfield code="f">&#x41C;&#x438;&#x43D;&#x438;&#x441;&#x442;&#x435;&#x440;&#x441;&#x442;&#x432;&#x43E; &#x43A;&#x443;&#x43B;&#x44C;&#x442;&#x443;&#x440;&#x44B; &#x420;&#x43E;&#x441;&#x441;&#x438;&#x439;&#x441;&#x43A;&#x43E;&#x439; &#x424;&#x435;&#x434;&#x435;&#x440;&#x430;&#x446;&#x438;&#x438;, &#x413;&#x43E;&#x441;&#x443;&#x434;&#x430;&#x440;&#x441;&#x442;&#x432;&#x435;&#x43D;&#x43D;&#x44B;&#x439; &#x43C;&#x443;&#x437;&#x435;&#x439; &#x438;&#x441;&#x442;&#x43E;&#x440;&#x438;&#x438; &#x440;&#x43E;&#x441;&#x441;&#x438;&#x439;&#x441;&#x43A;&#x43E;&#x439; &#x43B;&#x438;&#x442;&#x435;&#x440;&#x430;&#x442;&#x443;&#x440;&#x44B; &#x438;&#x43C;&#x435;&#x43D;&#x438; &#x412;.&#x418;. &#x414;&#x430;&#x43B;&#x44F;</subfield>
    <subfield code="g">[&#x430;&#x432;&#x442;&#x43E;&#x440;-&#x441;&#x43E;&#x441;&#x442;&#x430;&#x432;&#x438;&#x442;&#x435;&#x43B;&#x44C;, &#x430;&#x432;&#x442;&#x43E;&#x440; &#x43D;&#x430;&#x443;&#x447;&#x43D;&#x43E;&#x439; &#x43A;&#x43E;&#x43D;&#x446;&#x435;&#x43F;&#x446;&#x438;&#x438;: &#x41E;.&#x41B;. &#x417;&#x430;&#x43B;&#x438;&#x435;&#x432;&#x430;</subfield>
    <subfield code="g">&#x430;&#x432;&#x442;&#x43E;&#x440;&#x44B; &#x441;&#x442;&#x430;&#x442;&#x435;&#x439; &#x438; &#x43F;&#x443;&#x431;&#x43B;&#x438;&#x43A;&#x430;&#x446;&#x438;&#x439;: &#x41E;.&#x414;. &#x410;&#x442;&#x440;&#x43E;&#x449;&#x435;&#x43D;&#x43A;&#x43E; &#x438; &#x434;&#x440;.</subfield>
    <subfield code="g">&#x432;&#x441;&#x442;&#x443;&#x43F;&#x438;&#x442;&#x435;&#x43B;&#x44C;&#x43D;&#x43E;&#x435; &#x441;&#x43B;&#x43E;&#x432;&#x43E;: &#x414;.&#x41F;. &#x411;&#x430;&#x43A;, &#x417;.&#x418;. &#x422;&#x440;&#x435;&#x433;&#x443;&#x43B;&#x43E;&#x432;&#x430;]</subfield>
  </datafield>
  <datafield tag="203" ind1=" " ind2=" ">
    <subfield code="a">&#x422;&#x435;&#x43A;&#x441;&#x442;</subfield>
    <subfield code="b">&#x432;&#x438;&#x437;&#x443;&#x430;&#x43B;&#x44C;&#x43D;&#x44B;&#x439;</subfield>
    <subfield code="c">&#x43D;&#x435;&#x43F;&#x43E;&#x441;&#x440;&#x435;&#x434;&#x441;&#x442;&#x432;&#x435;&#x43D;&#x43D;&#x44B;&#x439;</subfield>
  </datafield>
  <datafield tag="210" ind1=" " ind2=" ">
    <subfield code="a">&#x41C;&#x43E;&#x441;&#x43A;&#x432;&#x430;</subfield>
    <subfield code="c">&#x413;&#x41C;&#x418;&#x420;&#x41B;&#x418; &#x438;&#x43C;&#x435;&#x43D;&#x438; &#x412;.&#x418;. &#x414;&#x430;&#x43B;&#x44F;</subfield>
    <subfield code="d">2020</subfield>
  </datafield>
  <datafield tag="215" ind1=" " ind2=" ">
    <subfield code="a">459 &#x441;.</subfield>
    <subfield code="c">&#x438;&#x43B;., &#x446;&#x432;. &#x438;&#x43B;., &#x43F;&#x43E;&#x440;&#x442;&#x440;., &#x444;&#x430;&#x43A;&#x441;.</subfield>
    <subfield code="d">30</subfield>
  </datafield>
  <datafield tag="320" ind1=" " ind2=" ">
    <subfield code="a">&#x411;&#x438;&#x431;&#x43B;&#x438;&#x43E;&#x433;&#x440;. &#x432; &#x43F;&#x43E;&#x434;&#x441;&#x442;&#x440;&#x43E;&#x447;. &#x43F;&#x440;&#x438;&#x43C;&#x435;&#x447;.</subfield>
  </datafield>
  <datafield tag="320" ind1=" " ind2=" ">
    <subfield code="a">&#x410;&#x43D;&#x43D;&#x43E;&#x442;. &#x438;&#x43C;&#x435;&#x43D;. &#x443;&#x43A;&#x430;&#x437;. / &#x410;.&#x410;. &#x413;&#x43E;&#x43B;&#x443;&#x431;&#x435;&#x432;&#x430;: &#x441;. 435-457</subfield>
  </datafield>
  <datafield tag="600" ind1=" " ind2="1">
    <subfield code="a">&#x41E;&#x441;&#x442;&#x440;&#x43E;&#x443;&#x445;&#x43E;&#x432;</subfield>
    <subfield code="b">&#x418;. &#x421;.</subfield>
    <subfield code="g">&#x418;&#x43B;&#x44C;&#x44F; &#x421;&#x435;&#x43C;&#x435;&#x43D;&#x43E;&#x432;&#x438;&#x447;</subfield>
    <subfield code="f">1858 - 1929</subfield>
    <subfield code="x">&#x412;&#x44B;&#x441;&#x442;&#x430;&#x432;&#x43A;&#x438;</subfield>
    <subfield code="y">&#x41C;&#x43E;&#x441;&#x43A;&#x432;&#x430;, &#x433;&#x43E;&#x440;&#x43E;&#x434;</subfield>
    <subfield code="z">2020</subfield>
    <subfield code="j">&#x410;&#x43B;&#x44C;&#x431;&#x43E;&#x43C;&#x44B;</subfield>
    <subfield code="2">nlr_sh2</subfield>
    <subfield code="3">RU\NLR\AUTH\6601678334</subfield>
  </datafield>
  <datafield tag="601" ind1="0" ind2="2">
    <subfield code="a">&#x413;&#x43E;&#x441;&#x443;&#x434;&#x430;&#x440;&#x441;&#x442;&#x432;&#x435;&#x43D;&#x43D;&#x44B;&#x439; &#x43C;&#x443;&#x437;&#x435;&#x439; &#x438;&#x441;&#x442;&#x43E;&#x440;&#x438;&#x438; &#x440;&#x43E;&#x441;&#x441;&#x438;&#x439;&#x441;&#x43A;&#x43E;&#x439; &#x43B;&#x438;&#x442;&#x435;&#x440;&#x430;&#x442;&#x443;&#x440;&#x44B; &#x438;&#x43C;. &#x412;.&#x418;. &#x414;&#x430;&#x43B;&#x44F;</subfield>
    <subfield code="c">&#x41C;&#x43E;&#x441;&#x43A;&#x432;&#x430;, &#x433;&#x43E;&#x440;&#x43E;&#x434;</subfield>
    <subfield code="x">&#x412;&#x44B;&#x441;&#x442;&#x430;&#x432;&#x43A;&#x438;</subfield>
    <subfield code="z">2020</subfield>
    <subfield code="j">&#x410;&#x43B;&#x44C;&#x431;&#x43E;&#x43C;&#x44B;</subfield>
    <subfield code="2">nlr_sh2</subfield>
    <subfield code="3">RU\NLR\AUTH\6601678333</subfield>
  </datafield>
  <datafield tag="606" ind1="1" ind2=" ">
    <subfield code="a">&#x425;&#x443;&#x434;&#x43E;&#x436;&#x435;&#x441;&#x442;&#x432;&#x435;&#x43D;&#x43D;&#x430;&#x44F; &#x43A;&#x43E;&#x43B;&#x43B;&#x435;&#x43A;&#x446;&#x438;&#x44F; &#x41E;&#x441;&#x442;&#x440;&#x43E;&#x443;&#x445;&#x43E;&#x432;&#x430; &#x418;. &#x421;.</subfield>
    <subfield code="j">&#x410;&#x43B;&#x44C;&#x431;&#x43E;&#x43C;&#x44B;</subfield>
    <subfield code="2">nlr_sh2</subfield>
    <subfield code="3">RU\NLR\AUTH\6601678335</subfield>
  </datafield>
  <datafield tag="686" ind1="1" ind2=" ">
    <subfield code="a">&#x429;143(2&#x420;=&#x420;&#x443;&#x441;)53-8&#x41E;&#x441;&#x442;&#x440;&#x43E;&#x443;&#x445;&#x43E;&#x432; &#x43B;62</subfield>
  </datafield>
  <datafield tag="686" ind1="1" ind2=" ">
    <subfield code="a">&#x429;153(2&#x420;=&#x420;&#x443;&#x441;)53-8&#x41E;&#x441;&#x442;&#x440;&#x43E;&#x443;&#x445;&#x43E;&#x432; &#x43B;62</subfield>
  </datafield>
  <datafield tag="686" ind1="1" ind2=" ">
    <subfield code="a">&#x429;101.3(2&#x420;)-2&#x41C;&#x43E;&#x441;&#x43A;&#x432;&#x430;2&#x413;&#x43E;&#x441;&#x443;&#x434;&#x430;&#x440;&#x441;&#x442;&#x432;&#x435;&#x43D;&#x43D;&#x44B;&#x439; &#x41B;&#x438;&#x442;&#x435;&#x440;&#x430;&#x442;&#x443;&#x440;&#x43D;&#x44B;&#x439; &#x43C;&#x443;&#x437;&#x435;&#x439; &#x43B;62</subfield>
  </datafield>
  <datafield tag="686" ind1="1" ind2=" ">
    <subfield code="a">&#x429;101.3(2&#x420;)-4&#x41E;&#x441;&#x442;&#x440;&#x43E;&#x443;&#x445;&#x43E;&#x432; &#x43B;62</subfield>
  </datafield>
  <datafield tag="702" ind1=" " ind2="1">
    <subfield code="a">&#x417;&#x430;&#x43B;&#x438;&#x435;&#x432;&#x430;</subfield>
    <subfield code="b">&#x41E;. &#x41B;.</subfield>
    <subfield code="g">&#x41E;&#x43B;&#x44C;&#x433;&#x430; &#x41B;&#x44C;&#x432;&#x43E;&#x432;&#x43D;&#x430;</subfield>
    <subfield code="4">220</subfield>
  </datafield>
  <datafield tag="702" ind1=" " ind2="1">
    <subfield code="a">&#x41E;&#x441;&#x442;&#x440;&#x43E;&#x443;&#x445;&#x43E;&#x432;</subfield>
    <subfield code="b">&#x418;. &#x421;.</subfield>
    <subfield code="f">1858-1929</subfield>
    <subfield code="g">&#x418;&#x43B;&#x44C;&#x44F; &#x421;&#x435;&#x43C;&#x435;&#x43D;&#x43E;&#x432;&#x438;&#x447;</subfield>
    <subfield code="4">570</subfield>
  </datafield>
  <datafield tag="711" ind1="1" ind2="2">
    <subfield code="a">"&#x418;&#x43B;&#x44C;&#x44F; &#x41E;&#x441;&#x442;&#x440;&#x43E;&#x443;&#x445;&#x43E;&#x432;: &#x445;&#x443;&#x434;&#x43E;&#x436;&#x43D;&#x438;&#x43A;, &#x43A;&#x43E;&#x43B;&#x43B;&#x435;&#x43A;&#x446;&#x438;&#x43E;&#x43D;&#x435;&#x440;, &#x43C;&#x443;&#x437;&#x435;&#x439;&#x449;&#x438;&#x43A;", &#x432;&#x44B;&#x441;&#x442;&#x430;&#x432;&#x43A;&#x430;</subfield>
    <subfield code="f">2020</subfield>
    <subfield code="e">&#x41C;&#x43E;&#x441;&#x43A;&#x432;&#x430;</subfield>
    <subfield code="3">RU\NLR\AUTH\880530320</subfield>
  </datafield>
  <datafield tag="712" ind1="0" ind2="2">
    <subfield code="a">&#x413;&#x43E;&#x441;&#x443;&#x434;&#x430;&#x440;&#x441;&#x442;&#x432;&#x435;&#x43D;&#x43D;&#x44B;&#x439; &#x43C;&#x443;&#x437;&#x435;&#x439; &#x438;&#x441;&#x442;&#x43E;&#x440;&#x438;&#x438; &#x440;&#x43E;&#x441;&#x441;&#x438;&#x439;&#x441;&#x43A;&#x43E;&#x439; &#x43B;&#x438;&#x442;&#x435;&#x440;&#x430;&#x442;&#x443;&#x440;&#x44B; &#x438;&#x43C;. &#x412;. &#x418;. &#x414;&#x430;&#x43B;&#x44F;</subfield>
    <subfield code="c">&#x41C;&#x43E;&#x441;&#x43A;&#x432;&#x430;</subfield>
    <subfield code="3">RU\NLR\AUTH\880462279</subfield>
    <subfield code="4">475</subfield>
  </datafield>
  <datafield tag="942" ind1=" " ind2=" ">
    <subfield code="c">BOOK</subfield>
  </datafield>
  <datafield tag="980" ind1=" " ind2=" ">
    <subfield code="a">NBR</subfield>
  </datafield>
  <datafield tag="980" ind1=" " ind2=" ">
    <subfield code="a">NB</subfield>
  </datafield>
</record>
